<?xml version="1.0" encoding="UTF-8"?>
<marc:record xmlns:marc="http://www.loc.gov/MARC21/slim">
   <marc:leader>00000nam a2200000 a 4500</marc:leader>
   <marc:datafield ind1="0" ind2="0" tag="245">
      <marc:subfield code="a">Happy Birthday, Hilde Hippo</marc:subfield>
   </marc:datafield>
   <marc:datafield ind1=" " ind2="1" tag="264">
      <marc:subfield code="a">München</marc:subfield>
      <marc:subfield code="b">KeRLE</marc:subfield>
      <marc:subfield code="c">2013</marc:subfield>
   </marc:datafield>
   <marc:datafield ind1="1" ind2=" " tag="520">
      <marc:subfield code="a">Oh Schreck! Als der kleine große Tiger Christopher aufwacht, stellt er fest, dass er für Tante Hildes Geburtstag noch kein Geschenk hat. Was nun? Christopher beschließt, ein Ständchen vorzubereiten, und macht sich auf die Suche nach weiteren Chormitgliedern, denn singen kann doch jeder. Als er mit Greta, der Giraffe, Wunja Warzenschwein, Norbert, dem Nashorn, und sogar Paule Papagei bei Tante Hilde ankommt, erwartet ihn allerdings eine große Überraschung!</marc:subfield>
   </marc:datafield>
   <marc:datafield ind1=" " ind2=" " tag="020">
      <marc:subfield code="a">9783451711961</marc:subfield>
      <marc:subfield code="9">9783451711961</marc:subfield>
   </marc:datafield>
   <marc:datafield ind1=" " ind2=" " tag="020">
      <marc:subfield code="a">3451711966</marc:subfield>
      <marc:subfield code="9">3451711966</marc:subfield>
   </marc:datafield>
   <marc:datafield ind1=" " ind2=" " tag="041">
      <marc:subfield code="a">ger</marc:subfield>
   </marc:datafield>
   <marc:datafield ind1=" " ind2=" " tag="300">
      <marc:subfield code="b">überw. Ill.</marc:subfield>
   </marc:datafield>
   <marc:datafield ind1=" " ind2=" " tag="338">
      <marc:subfield code="a">Band</marc:subfield>
   </marc:datafield>
   <marc:datafield ind1=" " ind2=" " tag="300">
      <marc:subfield code="a">1 Hörbuch mit Geburtstagslied von WISE GUY Eddi Hüneke</marc:subfield>
   </marc:datafield>
</marc:record>
